Music Quiz

Random Music or Automobiles Quiz

Great 50's-60's-70's Car Songs Quiz Stats

 Plays Quiz not verified by Sporcle

Challenge
Share
Tweet
Embed
Score 0/18 Timer 06:00
0 Plays Today
Lyrics Car Song % Correct
'...when I take her to the track she really shines, she always turns in the fastest time, my four-speed, dual-quad, posi-traction...'409
78.2%
'...she's got a Competition clutch, with a four on the floor, and she purrs like a kitten, till the Lake Pipes roar, and if that ain't enough to make you flip your lid...'Little Deuce Coupe
64.9%
'...Well the girls can't stand her, cause she walks, looks, and drives like an ace now, she makes the Indy 500 look like a roman chariot race now...'Fun, Fun, Fun
64.4%
'I was cruisin' in my Stingray late one night, when an XKE pulled up on the right...'Dead Man's Curve
54%
'...wound it up to a hundred and ten, my speedometer said that I'd hit top end, my foot was glued like lead to the floor, that's all there is, and there ain't no more...'Hot Rod Lincoln
47.7%
'...you're really lookin' fine, three deuces and a four speed, and a 389...'G.T.O.
47.1%
'...parked in her rickety old garage is a brand new, shiny red, Super Stock Dodge...'The Little Old Lady From Pasadena
47.1%
'I've been drivin' all night, my hands wet on the wheel...'Radar Love
47.1%
'Ridin' along in my automobile, my baby beside me at the wheel...'No Particular Place to Go
45.4%
Lyrics Car Song % Correct
'If you ever plan to motor West, travel my way, take the highway that's the best...'Route 66
45.4%
'...two cool shorts standing side by side, yeah my fuel-injected Stingray and a 413, revvin' up our engines and it sounds real mean...'Shut Down
38.5%
'While riding in my Cadillac, what to my surprise, a little Nash Rambler was following me, about one third my size,...'Beep-Beep (The Nash Rambler Song)
35.1%
'...it done got cloudy and started to rain, I tooted my horn for the passing lane, rain water blowin' all under my hood, I knew that was doin' my motor good...'Maybelline
31%
'...when the flag went down, you could hear rubber burn, the Stingray had me goin' into the turn...'Hey Little Cobra
29.3%
'...we'll get some purple french tail lights and thirty inch fins oh yeah, a Palomino dashboard and dual muffler twins oh yeah,...'Greased Lightnin'
22.4%
'...just took my car now she really peels, lookin' real tough with chrome reverse wheels, Blue Coral wax job sure looks pretty...' Drag City
19.5%
'...He's got a tattoo on his arm that say 'Baby', hes got another one that just say 'Hey', but every Sunday afternoon he is a dirt track demon in a '57 Chevrolet...'Rapid Roy (That Stock Car Boy)
14.9%
'...V-eight motor and this smarter design, black convertible top and the gals don't mind...'Rocket 88
12.1%

You're not logged in!

Compare scores with friends on all Sporcle quizzes.
OR
Log In

You Might Also Like...

Show Comments

Extras

Top Quizzes Today


Score Distribution

Your Account Isn't Verified!

In order to create a playlist on Sporcle, you need to verify the email address you used during registration. Go to your Sporcle Settings to finish the process.

Report this User

Report this user for behavior that violates our Community Guidelines.

Details: